Datum a čas kvízu
38
Celkem bodů
Celkový počet nahraných bodů na tomto kvízu bez doplňovacích otázek.
1.
Pořadí na kvízu
Konečné umístění týmu na tomto kvízu.
Zaznamenané odpovědi
| # | Otázka | Odpověď | Body | Výsledky |
|---|---|---|---|---|
| 1. | Uveďte jméno muže, který má v... | Miroslav Hlaváč | 0 | |
| 2. | Média minulý týden informovala... | D) buddhistického mnicha | 0 | |
| 3. | Jak se nazývá nový celovečerní... | Mandalorian a Grogu | 1 | |
| 4. | Jedna známá česká firma ve stř... | Kofola | 0 | |
| 5. | Baník Ostrava se udržel v lize... | Všechny byly vlastní. | 1 | |
| 6. | Téma začneme blbounem nejapným... | Nizozemci (Holanďané) | 1 | |
| 7. | Na které fotografii je tetluch... | A) | 1 | |
| 8. | Pro označení kohouta můžeme v... | cock | 1 | |
| 9. | U angličtiny ještě zůstaneme.... | sýkora koňadra | 1 | |
| 10. | Poslední název je spíše roztom... | střevíčník pantoflíček | 1 |